00493cam a22001572 4500001001100000005001700011008004100028020001700069040001500086050001800101100003000119245006400149260003900213300001100252650007200263000000316020151217151916.0070430s xx 000 0 eng d a067944873X : aKABUcKABU 0aHN79b.W22K731 aKramer, Jane.@000015285010aLone patriot :bthe short career of an American militiaman. aNew York :bPantheon Books,c2002. a259 p. 0aMilitia movementszWashington (state)zWhatcom country.@0000152851